1342 1717 1899 1009 1214 1774 1776 1797 1511 1745 1830 1031 1334 1044 1281 1734 1835 1807 1494 1184 1945 1558 1520 1256 1975 1378 1295 1220 1300 1304 1160 1203 1489 1728 1827 1691 1871 1492 1604 1421 1749 1383 1208 1673 1869 1088 1015 1023 1303 1487 1663 1901 1427 1925 1140 1609 1144 1933 1596 1861 1582 1493 1242 1101 1267 1675 1766 1465 1969 1223 1735 1999 1825 1232 1536 1885 1042 1715 1895 1830 1403 1093 1079 1361 1948 1156 1417 1561 1085 1662 1887 1739 1925 1214 1270 1982 1549 1843 1633 BCNSPRNW ULIB Ver.6.0+V

เปลี่ยนเป็นภาษาไทย

Change to English
 แสดงรายละเอียดบรรณานุกรม
  กลับหน้าหลัก

Brief Record : Get Marc (ISO 2709) : E-mail record : QR code < ปิดหน้าต่าง
LEADER : 00000nam 2200000uu 4500
001    13399122588
003     ULIB
008    020711s2547 th a 000 0 tha d
099    วจ.WX153^bจ148ว
100    จรรจา สันตยากร
110    มหาวิทยาลัยนเรศวร^bคณะพยาบาลศาสตร์
245    วิเคราะห์ระบบบริการพยาบาลในศูนย์สุขภาพชุมชน จังหวัดพิษณุโลก/^cจรรจา สันตยากร และคณะ
260    พิษณุโลก :^bมหาวิทยาลัยนเรศวร,^c2547
300    131 หน้า
650    ระบบบริการ^xศูนย์สุขภาพชุมชน
700    ประภา ลิ้มประสูตร
700    นงนุช โอบะ
700    อัจฉรา ปุราคม
945    ^p0^l0^i20033
รายการนี้ยังไม่มีแท็ก
คุณยังไม่ได้ล็อกอิน คุณสามารถมีกิจกรรมร่วมกับเว็บไซต์ได้ แต่ต้องล็อกอินก่อน ::
  ล็อกอิน

รายการสื่อสารสนเทศ

ลำดับที่ ประเภท เลขเรียก/บาร์โค้ด สถานที่ สถานะ
1. งานวิจัย
งานวิจัย
วจ.WX153 จ148ว ฉ.1 
  Barcode: 20033
ห้องสมุดวิทยาเขตสวรรค์ประชารักษ์
►วิจัย
บนชั้น

รายการใกล้เคียง
    ผู้แต่ง [จรรจา สันตยากร]

BibComment


ยังไม่เคยถูกคอมเมนท์

คอมเมนท์ทรัพยากรรายการนี้
  คอมเมนท์: วิเคราะห์ระบบบริก..


 Copyright 2026. Bcnsprnw @Library